Sprayed concrete technology : (Record no. 548538)

000 -LEADER
fixed length control field 00965cam a2200205 a 4500
020 ## - INTERNATIONAL STANDARD BOOK NUMBER
International Standard Book Number 0419222707
082 00 - DEWEY DECIMAL CLASSIFICATION NUMBER
Classification number 666.893
Author Mark SPR
-- L-NUST, P-06
245 10 - TITLE STATEMENT
Title Sprayed concrete technology :
Remainder of title the proceedings of the ACI/SCA International Conference on Sprayed Concrete/Shotcrete, "Sprayed concrete technology for the 21st century" held at Edinburgh University from 10th to 11th September 1996 /
Statement of responsibility, etc. organised jointly by the American Concrete Institute and Sprayed Concrete Association ; edited by S.A. Austin.
250 ## - EDITION STATEMENT
Edition statement 1st ed.
260 ## - PUBLICATION, DISTRIBUTION, ETC.
Place of publication, distribution, etc. London ;
-- New York :
Name of publisher, distributor, etc. E&FN Spon,
Date of publication, distribution, etc. 1996.
300 ## - PHYSICAL DESCRIPTION
Extent x, 300 p. :
Other physical details ill. ;
Dimensions 24 cm.
526 ## - STUDY PROGRAM INFORMATION NOTE
Program name 0
Interest level 0
Reading level 0
Title point value 666_893000000000000_SPR
650 #0 - SUBJECT ADDED ENTRY--TOPICAL TERM
Topical term or geographic name entry element NUST
9 (RLIN) 6342
650 #0 - SUBJECT ADDED ENTRY--TOPICAL TERM
Topical term or geographic name entry element Shotcrete
9 (RLIN) 44885
700 1# - ADDED ENTRY--PERSONAL NAME
Personal name Austin, S. A.
9 (RLIN) 44886
710 2# - ADDED ENTRY--CORPORATE NAME
Corporate name or jurisdiction name as entry element American Concrete Institute.
9 (RLIN) 37057
710 2# - ADDED ENTRY--CORPORATE NAME
Corporate name or jurisdiction name as entry element Sprayed Concrete Association.
9 (RLIN) 44887
856 42 - ELECTRONIC LOCATION AND ACCESS
Uniform Resource Identifier <a href="http://www.loc.gov/catdir/enhancements/fy0651/96218476-d.html">http://www.loc.gov/catdir/enhancements/fy0651/96218476-d.html</a>
942 ## - ADDED ENTRY ELEMENTS (KOHA)
Source of classification or shelving scheme
Koha item type Book
Holdings
Withdrawn status Lost status Source of classification or shelving scheme Damaged status Not for loan Permanent Location Current Location Date acquired Total Checkouts Full call number Barcode Date last seen Price effective from Koha item type
          Military College of Engineering (MCE) Military College of Engineering (MCE) 08/29/2014   666.893 SPR MCE-43848 08/29/2014 08/29/2014 Book
© 2023 Central Library, National University of Sciences and Technology. All Rights Reserved.